000 00593nam a2200229Ia 4500
003 OSt
005 20221007072346.0
006 a|||||r|||| 00| 0
007 ta
008 221006b |||||||| |||| 00| 0 eng d
024 _a25,879
037 _cTextual
040 _aFLL
_cFLL
_beng
041 _2eng
_aeng
082 _aZ3, J3
100 _aGoodhart A.L.
_9629403
245 0 _aEnglish law and the moral law
260 _aLondon
_bStevens & Sons Ltd. London
_c1953
300 _ax,1-151p
_ccm.
942 _hZ3, J3
_cTEXL
_2CC
999 _c1145853
_d1145853